فقروا إلى الله / (رقم التسجيلة. 18330)

تفاصيل مارك
000 -الفاتح
عناصر البيانات ثابتة الطول 00613cam a2200157 i 4500
005 - تاريخ ووقت آخر معاملة
حقل ضبط 20251116093136.0
008 - عناصر البيانات ثابتة الطول
عناصر البيانات ثابتة الطول 250721s1995 le gr 000 0 ara d
082 14 - رقم تصنيف ديوي العشري
رقم التصنيف 210
رقم المادة ق ل م
100 1# - مدخل رئيسي – اسم شخصي
الاسم الشخصي القلموني، أبو ذر
علاقة الشخص بالعمل/ دوره مؤلف.
245 10 - بيان العنوان
العنوان فقروا إلى الله /
بيان المسؤولية تأليف أبي ذر القلموني ؛ خرج اياته وضبظ أحاديثة واعتنى بها محمد تميم, هيثم تميم.
264 31 - بيانات النشر، التوزيع…إلخ
مكان النشر، التوزيع...إلخ بيروت :
اسم الناشر، الموزع...إلخ دار الأرقم بن أبي الأرقم،
تاريخ النشر، التوزيع...إلخ 1995.
300 ## - الوصف المادي
عدد الوحدات المكونة للوعاء 255 صفحة.
650 17 - مدخل إضافي بالموضوع - مصطلح موضوعي
مصطلح موضوعي أو اسم جغرافي كعنصر مدخل الإسلام.
942 ## - بيانات إضافية (كوها)
نوع التنصيف Dewey Decimal Classification
نوع المادة (كوها) كتب
المقتنيات
حالة السحب حالة الفقدان مصدر التصنيف حالة التلف غير قابل للإعارة المكتبة الرئيسية المكتبة الحالية موقع الرف تاريخ التزويد الرقم المتسلسل Total Checkouts رقم الإستدعاء الباركود تاريخ آخر ظهور تاريخ الفاتورة نوع المادة (كوها)
    Dewey Decimal Classification     المكتبة المركزية المكتبة المركزية الإعارة 06/07/2004 470448   210/ ق ل م 470448 28/07/2025 06/07/2004 كتب
Implemented & Customized by: BBB with SCIT (Smart Chains for Information Technology)

Powered by Koha